[Event "Parachute Advansed Int"]
[Site "Dhaka BAN"]
[Date "2010.03.11"]
[Round "5"]
[White "Dave,D"]
[Black "Abu Sufian,S"]
[Result "1/2-1/2"]
[WhiteElo "2140"]
[BlackElo "2320"]

1.e4 d5 2.exd5 Qxd5 3.Nc3 Qd6 4.d4 c6 5.Nf3 Nf6 6.Be2 Bg4 7.Be3 e6 8.Qd2 Qc7
9.h3 Bxf3 10.Bxf3 Bd6 11.O-O-O Nbd7 12.Qe2 O-O-O 13.d5 exd5 14.Bxd5 Nxd5
15.Rxd5 Nf6 16.Rd3 Bf4 17.Rhd1 Bxe3+ 18.Qxe3 Rxd3 19.Rxd3 Kb8 20.Qg5 Rg8
21.g3 h6 22.Qf5 Re8 23.Rd1 Re6 24.Qc5 Qe7 25.Qf5 Re1 26.Qf4+ Kc8 27.Qd2 Rxd1+
28.Qxd1 Qe6 29.h4 Qe5 30.Qe2 Qxe2 31.Nxe2 Kd7 32.Kd2 Kd6 33.Kd3 Ng4 34.f3 Ne5+
35.Ke4 g6 36.g4 Nd7 37.Nf4 Nf6+ 38.Ke3 Nd5+ 39.Nxd5 Kxd5 40.b3 b5 41.c3 c5
42.f4 a5 43.a3  1/2-1/2

[Event "11th EICC Men"]
[Site "Rijeka CRO"]
[Date "2010.03.11"]
[Round "6"]
[White "Feher,Ad"]
[Black "Krsnik Cohar,I"]
[Result "1-0"]
[WhiteElo "2260"]
[BlackElo "1718"]

1.e4 d5 2.exd5 Qxd5 3.Nc3 Qd6 4.d4 Nf6 5.Nf3 Bg4 6.h3 Bxf3 7.Qxf3 c6 8.Be3 e6
9.Be2 Be7 10.O-O O-O 11.Rfd1 Nbd7 12.Bf4 Qb4 13.a3 Qb6 14.Qg3 Rfc8 15.b4 Nf8
16.Na4 Qd8 17.Nc5 b6 18.Nb3 Bd6 19.Bxd6 Ne4 20.Qf3 Nxd6 21.c4 Ng6 22.g3 Qe7
23.Re1 Qf6 24.Qxf6 gxf6 25.Rac1 Rd8 26.Bf3 Rac8 27.a4 Kg7 28.Red1 e5 29.c5 Nf5
30.cxb6 axb6 31.Rxc6 Rxc6 32.Bxc6 Nxd4 33.Nxd4 exd4 34.a5 Ne5 35.Bb7 bxa5
36.bxa5 Nc4 37.a6 Nb6 38.a7 d3 39.Kf1 Kf8 40.Ke1 Ke7 41.Be4 Ke6 42.Rxd3 Re8
43.Kf1 f5 44.Bf3 Rf8 45.Rb3 Nc4 46.Rb8  1-0

[Event "11th EICC Men"]
[Site "Rijeka CRO"]
[Date "2010.03.11"]
[Round "6"]
[White "Bach,Ad"]
[Black "Petre,NT"]
[Result "0-1"]
[WhiteElo "2251"]
[BlackElo "2410"]

1.e4 d5 2.exd5 Qxd5 3.Nc3 Qd6 4.d4 Nf6 5.Bc4 c6 6.Bg5 Bf5 7.f3 b5 8.Bb3 a5
9.a4 b4 10.Nce2 Nd5 11.Qd2 h5 12.Ng3 g6 13.Ne4 Qc7 14.c4 bxc3 15.bxc3 Nd7
16.c4 N5f6 17.Qc3 Bxe4 18.fxe4 e5 19.O-O-O Ng4 20.Qg3 Qb8 21.dxe5 Nc5 22.Rd8+ Qxd8
23.Bxd8 Rxd8 24.Bc2 Bh6+ 25.Kb1 Rb8+ 26.Ka1 Ne3 27.Qf2 Rb4 28.Nf3 O-O 29.Rb1 Nxc2+
30.Qxc2 Rxa4+ 31.Kb2 Rb8+ 32.Kc3 Ra3+  0-1

[Event "11th EICC Men"]
[Site "Rijeka CRO"]
[Date "2010.03.11"]
[Round "6"]
[White "Szamoskozi,G"]
[Black "Nanu,C"]
[Result "0-1"]
[WhiteElo "2347"]
[BlackElo "2505"]

1.e4 d5 2.exd5 Qxd5 3.Nc3 Qd6 4.d4 g6 5.Nb5 Qb6 6.Bf4 Na6 7.a4 c6 8.Bc7 Nxc7
9.a5 Qxb5 10.Bxb5 cxb5 11.Nf3 Nf6 12.O-O Bg7 13.Re1 Ncd5 14.Ne5 O-O 15.c3 Bf5
16.a6 bxa6 17.Rxa6 Bc8 18.Ra5 a6 19.Nd3 e6 20.Qd2 Nd7 21.b3 Bb7 22.c4 Nc7
23.Qf4 Rac8 24.h3 Rfd8 25.Raa1 Ne8 26.Rac1 Nf8 27.Ne5 f6 28.Nf3 Nd6 29.d5 e5
30.Qe3 bxc4 31.bxc4 Nxc4 32.Qb3 Nd6 33.Rxc8 Bxc8 34.Qb6 Nf7 35.Rc1 Bf5 36.Qxa6 Rxd5
37.Rc7 Be6 38.Re7 Rd6 39.Qa8 f5 40.Kh2 e4 41.Ne1 h5 42.Nc2 h4 43.Ne3 Be5+
44.Kg1 Rd8 45.Qa5 Bf6 46.Rb7 Rc8 47.Rb1 Kg7 48.Nd5 Be5 49.Ne3 Nd7 50.Qa3 Rc7
51.Rc1 Rb7 52.Qe7 Rb6 53.Rd1 Bf6 54.Qa3 Nde5 55.Qa5 Rb2 56.Nd5 Bxd5 57.Qxd5 Nd3
58.Rf1 Be5 59.Qd7 Rc2 60.Qa4 Rb2 61.Qd7 Rb4 62.Rd1 Rd4 63.Qa7 Rd8 64.Kf1 Bd4
65.Qc7 Bxf2 66.Rxd3 exd3 67.Qc3+ Kg8 68.Kxf2 d2  0-1

[Event "11th EICC Women"]
[Site "Rijeka CRO"]
[Date "2010.03.12"]
[Round "7"]
[White "Dworakowska,J"]
[Black "Lomako,A"]
[Result "1-0"]
[WhiteElo "2356"]
[BlackElo "2258"]

1.e4 d5 2.exd5 Qxd5 3.Nc3 Qd6 4.d4 Nf6 5.Nge2 c6 6.Bf4 Qb4 7.a3 Qxb2 8.Bc7 Be6
9.Na4 Qb5 10.Nc5 Qc4 11.Qd2 Nd5 12.Ba5 Bf5 13.Nc3 Bd3 14.Qxd3 Qxd3 15.Nxd3 Nf6
16.Bc7 Nbd7 17.Be2 c5 18.Nxc5 Rc8 19.Bg3 Nxc5 20.dxc5 Rxc5 21.Ne4 Ra5 22.O-O e5
23.Rab1 Bxa3 24.Bb5+ Ke7 25.Bxe5 a6 26.Rfe1 Rxb5 27.Bb2 Kd7 28.Bxa3 Kc6 29.Rxb5 Kxb5
30.Bb2 Rc8 31.Be5 Kb6 32.c4 Rd8 33.Kf1 Rd2  1-0

[Event "11th EICC Men"]
[Site "Rijeka CRO"]
[Date "2010.03.12"]
[Round "7"]
[White "Iakemov,V"]
[Black "Nevednichy,V"]
[Result "1/2-1/2"]
[WhiteElo "2463"]
[BlackElo "2572"]

1.e4 d5 2.exd5 Qxd5 3.Nc3 Qd6 4.d4 Nf6 5.g3 c6 6.Bf4 Qd8 7.Bg2 Bg4 8.Qd2 e6
9.h3 Bh5 10.a3 Nbd7 11.g4 Bg6 12.Nge2 Nb6 13.O-O Be7 14.Bg3 Qd7 15.Nf4 O-O
16.Nxg6 hxg6 17.Be5 Rad8 18.Qe2 Rfe8 19.Rad1 Nbd5 20.Na4 b5 21.Nc5 Qc8 22.Nd3 a6
23.c3 Nd7 24.Bg3 N7b6 25.Ne5 c5 26.Qf3 Rf8 27.dxc5 Bxc5 28.Bh4 g5 29.Bg3 Bd6
30.Rfe1 Qc7  1/2-1/2

[Event "11th EICC Men"]
[Site "Rijeka CRO"]
[Date "2010.03.12"]
[Round "7"]
[White "Sedlak,N"]
[Black "Caspi,I"]
[Result "1-0"]
[WhiteElo "2570"]
[BlackElo "2426"]

1.e4 d5 2.exd5 Qxd5 3.Nc3 Qd6 4.g3 Nf6 5.Bg2 Nc6 6.Nge2 Bf5 7.O-O e5 8.d3 O-O-O
9.b4 e4 10.Be3 Qe6 11.b5 Nb4 12.Nd4 Qe5 13.f4 Qc5 14.Nxe4 Bxe4 15.dxe4 Qc3
16.Qe1 Qxe1 17.Raxe1 Kb8 18.c3 Ng4 19.cxb4 Nxe3 20.Rxe3 Rxd4 21.a3 Be7 22.e5 Rhd8
23.Be4 h6 24.Kg2 Rd2+ 25.Rf2 Rxf2+ 26.Kxf2 Rd2+ 27.Kf3 a6 28.bxa6 bxa6 29.h4 f6
30.e6 Kc8 31.Rd3 Rxd3+ 32.Bxd3 Kb7 33.Kg4 c5 34.Kf5 cxb4 35.axb4 Kc6 36.Kg6 Kd5
37.Kf7 Bxb4 38.e7 Bxe7 39.Kxe7 a5 40.Kf7  1-0

[Event "11th EICC Men"]
[Site "Rijeka CRO"]
[Date "2010.03.12"]
[Round "7"]
[White "Tomulic,T"]
[Black "Dubrovic,Ra"]
[Result "0-1"]
[WhiteElo "1577"]
[BlackElo "1577"]

1.e4 d5 2.exd5 Qxd5 3.Nc3 Qd6 4.d4 Nf6 5.Nf3 a6 6.Bc4 Nc6 7.O-O Bg4 8.Be3 e6
9.h3 Bh5 10.Be2 O-O-O 11.a3 Bxf3 12.Bxf3 Nxd4 13.b4 Qe5 14.Bxd4 Qxd4 15.Qxd4 Rxd4
16.Ne2 Rd7 17.a4 Nd5 18.b5 a5 19.Rfd1 Bc5 20.c4 Nb6 21.Rxd7 Nxd7 22.Nf4 Ne5
23.Be2 Rd8 24.Nh5 Rd2 25.Kf1 g6 26.Nf6 h5 27.Ne4 Bd4 28.Rc1 Ra2 29.Rd1 Ra1
30.Rxa1 Bxa1 31.f4 Nd7 32.Ng5 e5 33.Nxf7 exf4 34.Bd3 Nb6 35.Bxg6 Nxc4 36.Bxh5 Nb2
37.Bg4+ Kb8 38.h4 Nxa4 39.h5 Nc5 40.h6 a4 41.Bf5 a3 42.Bb1 Na4 43.Ba2 Bf6
44.h7 Nc3 45.Bc4 a2 46.Bxa2 Nxa2 47.b6 cxb6 48.h8=Q+ Bxh8 49.Nxh8 Nc3 50.Ng6 Nd5
51.Ke2 b5 52.Kd3 b4 53.Nh4 b3 54.Nf3 b2 55.Nd2 Kc7 56.Kd4 Kc6 57.Nb1 b5 58.Ke4 b4
59.Kd3 Nc3 60.Kc2 Nxb1 61.Kxb1 Kc5 62.Kxb2 Kd4 63.g4 fxg3 64.Ka1 g2 65.Kb1 g1=Q+
66.Ka2 Qf2+ 67.Kb3 Qf3+ 68.Kc2 Qc3+ 69.Kb1 Qd2 70.Ka1 b3 71.Kb1 Kc4 72.Ka1 Kb4
73.Kb1 Ka4 74.Ka1 Ka3 75.Kb1 Qc2+ 76.Ka1 b2+  0-1

[Event "11th EICC Men"]
[Site "Rijeka CRO"]
[Date "2010.03.12"]
[Round "7"]
[White "Navara,D"]
[Black "Szabo,G ROM"]
[Result "1-0"]
[WhiteElo "2708"]
[BlackElo "2525"]

1.e4 d5 2.exd5 Qxd5 3.Nc3 Qd8 4.d4 Nf6 5.Nf3 Bg4 6.h3 Bxf3 7.Qxf3 c6 8.Be3 e6
9.Bd3 Nbd7 10.O-O Be7 11.Ne2 O-O 12.c4 Re8 13.Rad1 Qa5 14.Nc3 Rad8 15.a3 Nf8
16.Rfe1 Ng6 17.g3 Rd7 18.Rd2 Red8 19.Red1 a6 20.Bf1 b5 21.Qxc6 Rc7 22.Qg2 bxc4
23.d5 exd5 24.Nxd5 Nxd5 25.Rxd5 Rxd5 26.Rxd5 Qe1 27.Qf3 h6 28.Kg2 Bf6 29.Rd2 Kh7
30.Qd5 Qc1 31.Qf5 c3 32.Rc2 Qa1 33.Bd3 Rb7 34.h4 Rb5 35.Qd7 Qa2 36.bxc3  1-0

[Event "11th EICC Men"]
[Site "Rijeka CRO"]
[Date "2010.03.14"]
[Round "8"]
[White "Bakin,A"]
[Black "Bodiroga,P"]
[Result "0-1"]
[WhiteElo "2232"]
[BlackElo "2422"]

1.e4 d5 2.exd5 Qxd5 3.Nc3 Qd6 4.d4 Nf6 5.Bc4 Nc6 6.Be3 Bf5 7.Nf3 a6 8.h3 e6
9.O-O Be7 10.Qe2 O-O 11.Rad1 Nb4 12.Bb3 Nfd5 13.Nxd5 Nxd5 14.Bc1 b5 15.Ne5 h6
16.Rfe1 Bf6 17.Qh5 Rad8 18.c3 Qb6 19.Nd3 Rfe8 20.a3 Be7 21.Ne5 Rf8 22.Nd3 a5
23.Qf3 c6 24.Ne5 Bd6 25.Ng4 Kh7 26.Ne3 Bg6 27.h4 Kh8 28.h5 Bh7 29.Ng4 Bf5
30.Ne5 Qc7 31.g4 Bh7 32.Kg2 Kg8 33.Qe2 Qb7 34.Kh3 c5 35.dxc5 Bxc5 36.f4 b4
37.axb4 axb4 38.Bc2 Bxc2 39.Qxc2 bxc3 40.bxc3 Bd6 41.c4 Nf6 42.Qe2 Bxe5 43.fxe5 Rxd1
44.Rxd1 Ne4 45.Re1 Qb3+ 46.Be3 Rd8 47.Kg2 Rd3 48.c5 Rc3 49.Bf2 Nxf2 50.Qxf2 Qd5+
51.Kg1 Rc4 52.Qe2 Qxc5+ 53.Kf1 Qb4  0-1

[Event "11th EICC Men"]
[Site "Rijeka CRO"]
[Date "2010.03.16"]
[Round "10"]
[White "Hetzer,V"]
[Black "Krsnik Cohar,I"]
[Result "1-0"]
[WhiteElo "2086"]
[BlackElo "1718"]

1.e4 d5 2.exd5 Qxd5 3.Nc3 Qd6 4.d4 Nf6 5.Nf3 Bg4 6.h3 Bxf3 7.Qxf3 c6 8.Be3 e6
9.O-O-O Nbd7 10.Be2 Be7 11.g4 a5 12.Bf4 Qb4 13.Bc7 Bd8 14.a3 Qe7 15.Bg3 Nb6
16.Ne4 Nxe4 17.Qxe4 Nd5 18.Be5 b5 19.h4 f6 20.Bg3 b4 21.a4 Kf7 22.Bc4 Bb6
23.Rhe1 Rad8 24.Re2 g6 25.h5 f5 26.hxg6+ hxg6 27.gxf5 Qg5+ 28.Kb1 Qxf5 29.Rde1 Rde8
30.Bd3 Qxe4 31.Bxe4 Bxd4 32.Bf3 g5 33.Re4 Bb6 34.Rc4 Rc8 35.Rce4 Rce8 36.Rg4 Reg8
37.Rc4 Rc8 38.Re5 Kf6 39.Rce4 Rce8 40.Bg4 Nc7 41.Re1 Nd5 42.Rxe6+ Kf7 43.Rxe8  1-0

[Event "11th EICC Men"]
[Site "Rijeka CRO"]
[Date "2010.03.16"]
[Round "10"]
[White "Solak,D"]
[Black "Petre,NT"]
[Result "1-0"]
[WhiteElo "2553"]
[BlackElo "2410"]

1.e4 d5 2.exd5 Qxd5 3.Nc3 Qd6 4.d4 Nf6 5.Nf3 c6 6.Be3 Bf5 7.Ne5 Nbd7 8.f4 h5
9.Bd3 g6 10.Qe2 Bxd3 11.Qxd3 e6 12.O-O-O Be7 13.Rhe1 Nb6 14.Bf2 Nbd5 15.Nxd5 Qxd5
16.c4 Qd6 17.Kb1 Kf8 18.h3 h4 19.Re3 Re8 20.g4 hxg3 21.Rxg3 Nh5 22.Rxg6 Bf6
23.Rg4 Rd8 24.Kc2 Qe7 25.Rdg1 Qc7 26.Bh4 Qe7 27.Qh7  1-0

[Event "11th EICC Men"]
[Site "Rijeka CRO"]
[Date "2010.03.16"]
[Round "10"]
[White "Azarov,S"]
[Black "Bodiroga,P"]
[Result "1-0"]
[WhiteElo "2621"]
[BlackElo "2422"]

1.e4 d5 2.exd5 Qxd5 3.Nc3 Qd6 4.d4 Nf6 5.Nf3 g6 6.g3 Bg7 7.Bg2 Qa6 8.Bf4 c6
9.Qd2 O-O 10.Bh6 Be6 11.h4 Qa5 12.h5 Nxh5 13.Bxg7 Kxg7 14.Ne5 f6 15.g4 fxe5
16.gxh5 Rf4 17.hxg6 hxg6 18.O-O-O Nd7 19.Qe3 Rh8 20.Rxh8 Kxh8 21.Bh3 c5 22.dxe5  1-0

[Event "11th EICC Men"]
[Site "Rijeka CRO"]
[Date "2010.03.16"]
[Round "10"]
[White "Djukic,Ni"]
[Black "Landa,K"]
[Result "1/2-1/2"]
[WhiteElo "2509"]
[BlackElo "2635"]

1.e4 d5 2.exd5 Qxd5 3.Nc3 Qd6 4.d4 Nf6 5.Nf3 g6 6.Nb5 Qb6 7.c4 c6 8.Nc3 Bg7
9.c5 Qd8 10.Bc4 O-O 11.O-O Bg4 12.Be3 Nbd7 13.h3 Bxf3 14.Qxf3 e6 15.Rfd1 Nd5
16.Ne4 b6 17.cxb6 Nxe3 18.Qxe3 Nxb6 19.Rac1 Nxc4 20.Rxc4 Qd5 21.b3 Rfd8 22.Qf3 Qf5
23.Qxf5 gxf5 24.Nc3 Rd6 25.Ne2 Rad8 26.Kf1 Kf8 27.Rdc1 Rc8 28.f4 Ke7 29.Kf2 h5
30.g3 Kd7 31.Ra4 Rc7 32.Ke3 Kc8  1/2-1/2

[Event "Dos Hermanas Blitz Final"]
[Site "ICC INT"]
[Date "2010.03.19"]
[Round "2.4"]
[White "Hammer,J"]
[Black "Lenderman,A"]
[Result "0-1"]
[WhiteElo "2617"]
[BlackElo "2601"]

1.e4 d5 2.exd5 Qxd5 3.Nc3 Qd6 4.g3 c6 5.Bg2 Nf6 6.d3 Bf5 7.Nf3 e6 8.O-O h6
9.Bf4 Qd8 10.Ne5 Nbd7 11.Nc4 Nb6 12.Na5 Qc8 13.d4 Nfd5 14.Be5 f6 15.g4 Bg6
16.Bg3 Bb4 17.Nb3 Nxc3 18.bxc3 Bxc3 19.Rb1 O-O 20.Nc5 Rd8 21.Qe2 Bxd4 22.Qxe6+ Bf7
23.Qxc8 Raxc8 24.Nxb7 Rd7 25.Nd6 Rxd6 26.Bxd6 Bxa2 27.Rbd1 c5 28.Rfe1 Bf7
29.Re7 Rd8 30.Bf4 Bxf2+ 31.Kxf2 Rxd1 32.Rxa7 Bd5 33.Bf1 Bc4 34.Bg2 Bd5 35.Bf1 Bc4
36.Bh3 Nd5 37.Bd6 Rd2+ 38.Kg3 Nc3 39.Ra8+ Kh7 40.Bc7 Ne4+ 41.Kf4 Ng5  0-1

[Event "TCh-AUT 2009-10"]
[Site "Baden AUT"]
[Date "2010.03.20"]
[Round "11"]
[White "Lanka,Z"]
[Black "Boros,De"]
[Result "1/2-1/2"]
[WhiteElo "2506"]
[BlackElo "2494"]

1.e4 d5 2.exd5 Qxd5 3.Nc3 Qd6 4.d4 Nf6 5.Nf3 g6 6.Bc4 Bg7 7.h3 O-O 8.O-O a6
9.a4 Nc6 10.Ne2 b6 11.Bf4 Qd8 12.Ne5 Bb7 13.Nxc6 Bxc6 14.Be5 Qd7 15.Bb3 Bb7
16.Nf4 Nd5 17.Nd3 Bxe5 18.Nxe5 Qf5 19.Bxd5 Bxd5 20.Re1 Qg5 21.Qg4 Qxg4 22.hxg4 f6
23.Nd3 Kf7 24.a5 Bc4 25.Nf4 Rfd8 26.c3 c5 27.axb6 cxd4 28.Ra4 Bb5 29.Rxd4 Rxd4
30.cxd4 Rb8 31.Nd5 e6 32.Ne3 Rxb6 33.Rd1 Ke7 34.f3 Bc6 35.Rd2 Rb5 36.Kf2 h5
37.Rc2 Kd7 38.gxh5 gxh5 39.Rd2 Rb3  1/2-1/2

[Event "Dos Hermanas Blitz Final"]
[Site "ICC INT"]
[Date "2010.03.20"]
[Round "3.2"]
[White "Lastin,A"]
[Black "Lenderman,A"]
[Result "1/2-1/2"]
[WhiteElo "2643"]
[BlackElo "2601"]

1.e4 d5 2.exd5 Qxd5 3.Nc3 Qd6 4.d4 Nf6 5.Nf3 c6 6.Ne5 Nbd7 7.Nc4 Qc7 8.Qf3 Nb6
9.Bf4 Qd7 10.Be5 Qg4 11.Qxg4 Nxg4 12.Bg3 g6 13.O-O-O Bh6+ 14.Kb1 O-O 15.Na5 Rd8
16.Be2 Nf6 17.Rhe1 Nbd5 18.Nxd5 Rxd5 19.Nb3 Bf8 20.Bf3 Rd8 21.Nc5 Nd5 22.a3 h5
23.h3 b6 24.Nd3 Bb7 25.Ne5 Rac8 26.c3 Ba8 27.Rd2 Nf6 28.Rde2 Re8 29.Bf4 c5
30.Bxa8 Rxa8 31.dxc5 bxc5 32.Nc4 Nd5 33.Bg3 e6 34.Ne5 Rac8 35.c4 Nb6 36.Rd1 Bg7
37.b3 Red8 38.Red2 Rxd2 39.Rxd2 Bf6 40.Kc2 h4 41.Bf4 g5 42.Bh2 Be7 43.f4 gxf4
44.Bxf4 Kg7 45.a4 f6 46.Nf3 e5 47.Be3 Kf7 48.Nxh4 Ke6 49.g4 Rh8 50.Bf2 Nd7
51.Nf5 Nb8 52.h4 Nc6 53.h5 Bf8 54.Be3 Nd4+ 55.Bxd4 cxd4 56.Kd3 Bh6 57.Rg2 Bg5
58.Ke4 Rb8 59.Rg3 Bf4 60.Rh3 Rg8 61.h6 Kf7 62.h7 Rh8 63.Nxd4 Bd2 64.Nf3 Bb4
65.g5 Be7 66.gxf6 Bxf6 67.Kf5 Re8 68.Ng5+ Ke7 69.Ne4 Bh8 70.Rh6 Rf8+ 71.Kg5 Rf4
72.Nc5 Rf3 73.Re6+ Kf7 74.Ra6 Rg3+ 75.Kh4 Rg1 76.Rxa7+ Kg6 77.Ne4 Rh1+ 78.Kg3 Rg1+
79.Kf3 Rb1 80.Ra6+ Kxh7 81.Ra7+ Kg6 82.Nd6 Bf6 83.Ke4 Rxb3 84.Kd5 Rb1 85.Ra6 Rd1+
86.Kc6 e4 87.Ne8 e3 88.Nxf6 Kg5 89.Kb5 Kf4 90.Nd5+ Ke4 91.Nxe3 Kxe3 92.Re6+ Kd4
93.Kc6 Kc3 94.Re3+ Kb4 95.Rh3 Rc1 96.Rh5 Rc3 97.Rc5 Ka3 98.Rb5 Rb3 99.Kb6 Rb2
100.Rxb2 Kxb2 101.c5 Ka3 102.c6 Kb4 103.c7 Kb3 104.c8=Q Kb2 105.Qb7 Ka1 106.Qc6 Kb2
107.Qc4 Ka1 108.Qb3  1/2-1/2

[Event "TCh-FIN 2009-10"]
[Site "Finland FIN"]
[Date "2010.03.21"]
[Round "9"]
[White "Ristoja,S"]
[Black "Uimonen,M"]
[Result "1-0"]
[WhiteElo "2021"]
[BlackElo "2070"]

1.e4 d5 2.exd5 Qxd5 3.Nc3 Qd6 4.d4 Nf6 5.h3 g6 6.Be3 Bg7 7.Qd2 O-O 8.Bc4 c6
9.a4 b6 10.Nf3 Bb7 11.O-O Na6 12.Rfe1 Nc7 13.Bf4 Qd8 14.Qe3 Re8 15.Bxc7 Qxc7
16.Bxf7+  1-0

[Event "4th G. Agzamov Mem"]
[Site "Tashkent UZB"]
[Date "2010.03.23"]
[Round "1"]
[White "Nazhmeddinov,S"]
[Black "Tiviakov,S"]
[Result "0-1"]
[WhiteElo "2190"]
[BlackElo "2653"]

1.e4 d5 2.exd5 Qxd5 3.Nc3 Qd6 4.d4 Nf6 5.Bc4 c6 6.Nge2 Bf5 7.Bf4 Qb4 8.Bb3 e6
9.O-O Be7 10.a3 Qa5 11.Qd2 Nbd7 12.Ng3 Bg6 13.Rfe1 Qd8 14.Rad1 O-O 15.h3 Nd5
16.Nxd5 cxd5 17.Qe2 Nb6 18.Be5 Rc8 19.Nh5 Nd7 20.Bh2 Bxh5 21.Qxh5 Nf6 22.Qe2 Qb6
23.Be5 a5 24.a4 Nd7 25.Rd3 Bf6 26.Bxf6 Nxf6 27.Qe5 Ne4 28.h4 Qc7 29.Qxc7 Rxc7
30.c3 Rb8 31.f3 Nd6 32.Rd2 b5 33.axb5 Rxb5 34.Ba2 a4 35.Rc1 h5 36.Kf2 g6
37.Rcc2 Rb6 38.g3 Rbc6 39.Ke2 a3 40.bxa3 Nb5 41.Rd3 Nxa3 42.Rc1 Kg7 43.Ke3 Kf6
44.g4 Nb5 45.Kd2 Nd6 46.Ke3 Rc8 47.Bb3 Rb6 48.Bd1 Rh8 49.g5+ Kg7 50.Kf4 Rc8
51.Kg3 Ra6 52.Rd2 Ra3  0-1

[Event "Victor Ciocaltea Mem"]
[Site "Bucharest ROU"]
[Date "2010.03.27"]
[Round "5"]
[White "Piorun,K"]
[Black "Szabo,G ROM"]
[Result "1/2-1/2"]
[WhiteElo "2501"]
[BlackElo "2525"]

1.e4 d5 2.exd5 Qxd5 3.Nc3 Qd8 4.d4 Nf6 5.Bc4 a6 6.Bg5 b5 7.Bb3 Bb7 8.Bxf6 exf6
9.Nf3 Be7 10.Qe2 O-O 11.O-O-O Bb4 12.Qd3 Nc6 13.a3 Bd6 14.Ne4 b4 15.Nxd6 Qxd6
16.d5 Ne5 17.Nxe5 fxe5 18.axb4 a5 19.bxa5 Rxa5 20.c4 Rb8 21.Rhe1 Ba6 22.Qc3 Qb6
23.Re3 f6 24.Kc2 Rc5 25.Rd2 Qa7 26.Kb1 Bc8 27.Ba2 Ra5 28.b3 Bf5+ 29.Ka1 Ra3
30.c5 Rb5 31.d6 Kf8 32.dxc7 Qxc7 33.Qb2 Qxc5 34.Qc3 Qa7 35.Qc6 Bd7 36.Qd6+ Ke8
37.Red3 Rba5 38.Qxd7+ Qxd7 39.Rxd7 Rxa2+ 40.Rxa2 Rxa2+ 41.Kxa2 Kxd7 42.b4 Kc6
43.Kb3 Kd5 44.Kc3 e4 45.g3 g6 46.h3 h6 47.Kb3 f5 48.Kc3 g5 49.b5 f4 50.g4 Kc5
51.b6 Kxb6 52.Kd4 e3 53.fxe3 f3 54.Kd3 Kc5 55.e4 f2  1/2-1/2

[Event "4NCL 2009-10"]
[Site "Hinckley Island ENG"]
[Date "2010.03.27"]
[Round "7"]
[White "Collinson,A"]
[Black "Zeidler,S"]
[Result "1-0"]
[WhiteElo "2393"]
[BlackElo "2221"]

1.e4 d5 2.exd5 Qxd5 3.Nc3 Qd6 4.d4 Nf6 5.Nf3 c6 6.h3 g6 7.Be3 Bg7 8.Qd2 Nbd7
9.O-O-O O-O 10.Bf4 Qb4 11.Bh6 Nb6 12.Bxg7 Kxg7 13.Ne5 Be6 14.a3 Qa5 15.h4 Nbd5
16.Nxd5 Qxd2+ 17.Rxd2 Bxd5 18.f3 Rfd8 19.Bd3 h5 20.Re1 Nd7 21.c4 Nxe5 22.dxe5 Be6
23.Be2 Rxd2 24.Kxd2 Rd8+ 25.Kc3 Bf5 26.b4 Kh6 27.Rd1 Rxd1 28.Bxd1 g5 29.g3 Kg6
30.Kd4 Bb1 31.hxg5 Kxg5 32.f4+ Kg6 33.a4 Bf5 34.Bf3 Bd7 35.a5 b6 36.Be4+ Kh6
37.axb6 axb6 38.Bf3 Kg6 39.Be4+ Kh6 40.c5 b5 41.e6 fxe6 42.Ke5 Kg7 43.Bc2 Bc8
44.Bb3 Bd7 45.Bxe6 Be8 46.Bf5 Kf7 47.Bh3 Kf8 48.Bg2 Kf7 49.Bf3 Kg7 50.Ke6 Kf8
51.Kf5 h4 52.gxh4 Bd7+ 53.Ke5 Kg7 54.Be4 Kf8 55.Bf5 Be8 56.Ke6 Bf7+ 57.Kd7 Bd5
58.Be6  1-0

[Event "4NCL 2009-10"]
[Site "Hinckley Island ENG"]
[Date "2010.03.27"]
[Round "7"]
[White "Burrows,M"]
[Black "Buckley,Si"]
[Result "1-0"]
[WhiteElo "2172"]
[BlackElo "2348"]

1.e4 d5 2.exd5 Qxd5 3.Nc3 Qd8 4.d4 c6 5.Nf3 Bg4 6.Be2 e6 7.O-O Ne7 8.Ne4 Bf5
9.Ng3 Bg6 10.c4 Nd7 11.Re1 Qc7 12.Bd2 Nf6 13.Qa4 Nc8 14.Ba5 Qf4 15.Ne5 Bd6
16.Nxc6 O-O 17.Ne5 Qxd4 18.Bc3 Qf4 19.Nxg6 hxg6 20.Rad1 Bc5 21.Bf3 Qc7 22.b4 Be7
23.c5 Nb6 24.cxb6 Qxc3 25.Bxb7 Qxb4 26.Qxb4 Bxb4 27.Bxa8 Bxe1 28.Bc6 Bxf2+
29.Kxf2 axb6 30.Bf3 Rc8 31.Rd2 Kf8 32.Rb2 Nd7 33.Be2 Ke7 34.Bb5 Nc5 35.Ke3 f5
36.Nf1 Rh8 37.Bc6 Kd6 38.Bf3 Kc7 39.h3 e5 40.Nd2 e4 41.Be2 g5 42.Nc4 f4+
43.Kd4 Rh6 44.Bg4 Rf6 45.Rc2 Rf8 46.Nxb6 Kxb6 47.Rxc5 f3 48.gxf3 exf3 49.Rc1 Ra8
50.Rc2  1-0

[Event "TCh-NED 2009-10"]
[Site "Netherlands NED"]
[Date "2010.03.27"]
[Round "8"]
[White "Jens,J"]
[Black "Van de Berkmortel,T"]
[Result "1-0"]
[WhiteElo "2366"]
[BlackElo "2251"]

1.e4 d5 2.exd5 Qxd5 3.Nc3 Qd6 4.d4 c6 5.g3 Nf6 6.Bg2 g6 7.Nf3 Bg7 8.O-O O-O
9.Re1 Na6 10.Bf4 Qd8 11.Qe2 Re8 12.Be5 Bg4 13.h3 Bxf3 14.Bxf3 Nb4 15.Na4 Nd7
16.Bxg7 Kxg7 17.Nc5 Nxc5 18.Qe5+ f6 19.Qxc5 Qd6 20.Qc4 Nd5 21.Qb3 Qd7 22.Kg2 a5
23.c3 h5 24.h4 g5 25.hxg5 h4 26.c4 a4 27.Qd3 Nb4 28.Qe4 h3+ 29.Kh2 f5 30.Qe5+ Kg6
31.g4 fxg4 32.Be4+ Kh5 33.g6+ Kh6 34.Qf4+ Kg7 35.Qf7+ Kh6 36.f4  1-0

[Event "4NCL 2009-10"]
[Site "Hinckley Island ENG"]
[Date "2010.03.28"]
[Round "8"]
[White "Granat,R"]
[Black "Grafl,F"]
[Result "1/2-1/2"]
[WhiteElo "2250"]
[BlackElo "2426"]

1.e4 d5 2.exd5 Qxd5 3.Nc3 Qd6 4.d4 Nf6 5.Bb5+ Nbd7 6.Nge2 c6 7.Bf4 e5 8.dxe5 Nxe5
9.Qd4 Qxd4 10.Nxd4 Ng6 11.Bg3 Bb4 12.Bd3 O-O 13.O-O-O Nh5 14.Nce2 Nxg3 15.hxg3 h6
16.f4 Bg4 17.c3 Bc5 18.Bf5 Bxf5 19.Nxf5 Rfe8 20.Ned4 Rad8 21.Rhe1 Rxe1 22.Rxe1 Kf8
23.Kc2 Ne7 24.Nxe7 Bxe7 25.Nf5 Bc5 26.g4 Bb6 27.Re4 Rd7 28.a4 Bc7 29.Nd4 g6
30.b4 Bd8 31.Nb3 Be7 32.Na5 Bd8 33.Nc4 Bc7 34.Ne3 Re7 35.Kd3 Rd7+ 36.Kc2 Re7
37.Kd3 Rd7+  1/2-1/2

[Event "33rd Open"]
[Site "Donostia ESP"]
[Date "2010.03.30"]
[Round "3"]
[White "Marholev,D"]
[Black "Lyons,B"]
[Result "1-0"]
[WhiteElo "2423"]
[BlackElo "1952"]

1.e4 d5 2.exd5 Qxd5 3.Nc3 Qd6 4.d4 Nf6 5.Nf3 a6 6.a3 Bg4 7.Be2 Nc6 8.d5 Ne5
9.Qd4 Nxf3+ 10.gxf3 e5 11.Qd3 Bh5 12.Ne4 Qb6 13.b4 Nxe4 14.fxe4 Bxe2 15.Kxe2 Qg6
16.Bb2 Qg4+ 17.Qf3 Qxf3+ 18.Kxf3 f6 19.c4 g6 20.Ke2 Bh6 21.c5 Ke7 22.a4 Bf4
23.Ba3 Kd7 24.b5 axb5 25.axb5 Rhb8 26.Bb4 h5 27.h3 b6 28.c6+ Ke8 29.d6 cxd6
30.Bxd6 Rc8 31.Rhd1 g5 32.Rxa8 Rxa8 33.Bc7 Ra2+ 34.Kf1 g4 35.hxg4 hxg4 36.Bxb6 Bd2
37.c7 Kd7 38.Be3 Kxc7 39.Bxd2 Rb2 40.Ba5+  1-0

[Event "33rd Open"]
[Site "Donostia ESP"]
[Date "2010.04.01"]
[Round "5"]
[White "Veras Sanz,J"]
[Black "Lyons,B"]
[Result "0-1"]
[WhiteElo "1712"]
[BlackElo "1952"]

1.e4 d5 2.exd5 Qxd5 3.Nc3 Qd6 4.d4 Nf6 5.Be3 a6 6.Nf3 Bg4 7.h3 Bh5 8.g4 Bg6
9.Bd3 Nc6 10.Bxg6 hxg6 11.Qd2 Nxg4 12.O-O-O Nf6 13.Bf4 Qd7 14.d5 Na7 15.Ne5 Qf5
16.Qe3 Nc8 17.Nc4 Rh4 18.Ne2 g5 19.Qc5 gxf4 20.Qxc7 Qd7 21.d6 exd6 22.Qa5 Qb5
23.Qc7 Qc6 24.Qxc6+ bxc6 25.Rhe1 g6 26.Nd4+ Kd7 27.Nf3 Rxh3 28.Nfe5+ Kc7
29.Nxf7 d5 30.Ng5 Rh8 31.Ne5 Bd6 32.Nxg6 Rg8 33.Ne6+ Kd7 34.Ngxf4 Re8 35.a3 Bxf4+
36.Nxf4 Rxe1 37.Rxe1 Nd6 38.Nd3 a5 39.Nc5+ Kc7 40.Re7+ Kb6 41.Na4+ Kb5 42.Nc3+ Kc4
43.Re6 Nfe8 44.Kd2 Ra7 45.b3+ Kc5 46.Na4+ Kb5 47.Nc3+ Kb6 48.Na4+ Kc7 49.Nc5 Kd8
50.f4 Re7 51.f5 Rxe6 52.fxe6 Ke7 53.b4 axb4 54.axb4 Ne4+ 55.Nxe4 dxe4 56.Ke3 Nd6
57.c4 Nxc4+ 58.Kxe4 Kxe6 59.Kd4 Nd6 60.Kc5 Kd7 61.Kb6 Ne4 62.Kb7 Kd6 63.Kb6 Nc3
64.Ka5 Kd5 65.Kb6 Na2 66.b5 c5 67.Ka5 c4 68.b6 Kc6 69.Ka6 Nb4+ 70.Ka7 Kd7  0-1

[Event "21st Pobeskydi Arcelor Mittal Cup"]
[Site "Frydek-Mistek CZE"]
[Date "2010.04.01"]
[Round "1"]
[White "Langner,J"]
[Black "Jakubek,P"]
[Result "1-0"]
[WhiteElo "1849"]
[BlackElo "2148"]

1.e4 d5 2.exd5 Qxd5 3.Nc3 Qd6 4.d4 Nf6 5.Bc4 a6 6.Nf3 e6 7.O-O Be7 8.Re1 b5
9.Bb3 c5 10.a4 b4 11.Ne4 Nxe4 12.Rxe4 Bb7 13.Rg4 O-O 14.Bf4 Qd8 15.Qd3 Nd7
16.Ng5 Nf6 17.Be5 h6 18.Bxf6 hxg5 19.Bxe7 Qxe7 20.dxc5 Rac8 21.Rxb4 Rxc5
22.Rd4 Qf6 23.Re1 Rf5 24.Re2 Rf4 25.Rxf4 gxf4 26.c3 f3 27.Rd2 fxg2 28.Bc2 g6
29.Qd4 Qxd4 30.Rxd4 e5 31.Rb4 Bf3 32.Be4 a5 33.Rc4 Bg4 34.Kxg2 Rb8 35.Rc5 Rxb2
36.Rxa5 Re2 37.Bf3 Bxf3+ 38.Kxf3 Rc2 39.Rc5 f5 40.a5 Kf7 41.a6 Ra2 42.Rc6 g5
43.c4 g4+ 44.Kg2 Ke7 45.c5 e4 46.Kg3 Kd7 47.Rf6 Ra3+ 48.Kg2 Kc7 49.Rxf5 Rxa6
50.Rf7+ Kd8 51.Rf4 Re6 52.Rxg4 Ke7 53.h4 Kf6 54.c6 Kf5 55.Rg5+ Kf4 56.Rc5 Rg6+
57.Kf1 Rg8 58.Ke2 e3 59.fxe3+ Ke4 60.h5 Rd8  1-0

[Event "Philadelphia Open"]
[Site "Philadelphia USA"]
[Date "2010.04.01"]
[Round "2"]
[White "Kleiman,J"]
[Black "Nieto,M"]
[Result "1-0"]
[WhiteElo "2318"]
[BlackElo "1729"]

1.e4 d5 2.exd5 Qxd5 3.Nc3 Qd6 4.d4 Nf6 5.Bg5 c6 6.Qd2 Bf5 7.O-O-O e6 8.Nf3 Qc7
9.Nh4 Bg6 10.f4 Nbd7 11.f5 Bxf5 12.Nxf5 exf5 13.Qe3+ Be7 14.Bd3 Qd8 15.Rhe1 h6
16.Bxf6 Nxf6 17.d5 cxd5 18.Bxf5 d4 19.Rxd4 Qc7 20.Rd2  1-0

[Event "Philadelphia Open"]
[Site "Philadelphia USA"]
[Date "2010.04.01"]
[Round "3"]
[White "Getz,A"]
[Black "Ravichandran,S"]
[Result "1-0"]
[WhiteElo "2239"]
[BlackElo "2178"]

1.e4 d5 2.exd5 Qxd5 3.Nc3 Qd8 4.d4 Nf6 5.Bc4 Bg4 6.Nge2 e6 7.O-O Be7 8.f3 Bf5
9.Ng3 Bg6 10.f4 Bf5 11.Nxf5 exf5 12.Kh1 g6 13.Qf3 c6 14.Be3 O-O 15.Rad1 Bd6
16.d5 c5 17.Nb5 a6 18.Nxd6 Qxd6 19.b4 cxb4 20.Bd4 Nbd7 21.Rfe1 Rfe8 22.Re6 fxe6
23.dxe6 Nb6 24.Bxf6 Qc6 25.Bb3 Qxf3 26.gxf3 Kf8 27.Rd6 Nc8 28.Rd7 Re7 29.Rd8+ Re8
30.Bg7+ Kxg7 31.Rxe8 Kf6 32.Rf8+ Ke7 33.Rf7+ Kd6 34.Rd7+ Kc5 35.Rd8 Nb6  1-0